000 00264nam a2200109Ia 4500
008 200302s9999 xx 000 0 und d
100 _aBeijing
245 _aworld classic ecological architecture
260 _bPhoenix Pbulished Ltd.
260 _c2012
300 _a279
999 _c6485
_d6485